000 00817nam2a22002531 4500
001 RU\NLR\INFOCOMM29\5000100594
005 20260406125613.0
035 _a(NLR Aleph) 002424170
090 _a1932789
_c1932789
100 _a20050201d1896 |||y0rusy50 ca
101 0 _arus
102 _aRU
105 _ay ||||000|y
200 1 _aРим
_fЭ. Золя
210 _d1896
_aБ. м.
461 0 _1001RU\NLR\INFOCOMM29\5000100499
_12001#$aЧитатель$vГ.1 1896, Кн.22
_91932607
_cМ.
_d1896-1901
_nФ.А. Куманин
_tЧитатель
_vГ.1 1896, Кн.22
700 1 _4070
_8rus
_7ca
_aЗоля
_bЭ.
_f1840-1902
_gЭмиль
_3RU\NLR\auth\771440
_9111465
801 1 _aRU
_bInfoComm
_c20050201
801 0 _aRU
_bNLR
_gPSBO
852 _aNLR
_j2/1732
942 _cISSUE
980 _aNB
980 _aRUSPER